000 01282nam a22002417a 4500
003 OSt
005 20240627164304.0
008 240627b |||||||| |||| 00| 0 eng d
020 _a958683591x
020 _a9586836096
040 _aCO-UdeC
_cCO-UdeC
_dCO-UdeC
_eAARC
082 _a346.092
_bP816
110 _aPontificia Universidad Javeriana
_92308
245 1 0 _aTítulos valores :
_b(Lecturas selectas) /
_cPontificia Universidad Javeriana.
260 3 _aBogotá :
_bPontificia Universidad Javeriana. Facultad de Ciencias Jurídicas,
_c2003.
300 _a75 p. ;
_c24 cm.
490 _aColección Especializada en Derecho Comercial.
505 0 0 _aRequisitos. Tribunal Superior del Distrito Judicial -- Letra de cambio a cargo del mismo girador. Tribunal Superior del Distrito Judicial -- Cheques Fiscales. Corte Suprema de Justicia -- Pago de cheques falsos. Corte Suprema de Justicia -- Factura cambiaria de compraventa. Tribunal Superior del Distrito Judicial -- Bonos. Aviso de oferta pública -- Excepciones cambiarias. Artículos 9'0 y 120 del C.P.C -- Acción de enriquecimiento cambiario. Corte Suprema de Justicia.
546 _aEspañol.
650 0 _aDocumentos negociables
_92533
_zColombia
650 0 _aDerecho comercial
_zColombia.
_9197
942 _2ddc
_cBK
_n0
999 _c1795
_d1795